[Event "Denizli op"]
[Site "Denizli"]
[Date "2025.07.08"]
[Round "3"]
[White "Yildiz, Egehan"]
[Black "Nigalidze, Gaioz"]
[Result "0-1"]
[WhiteElo "2198"]
[BlackElo "2368"]
[PlyCount "98"]
[EventDate "2025.07.07"]
[EventType "swiss"]
[EventRounds "9"]
[EventCountry "TUR"]
[SourceTitle "CB29_2025"]
[SourceDate "2025.07.16"]
[SourceVersion "1"]
[SourceVersionDate "2025.07.16"]
[SourceQuality "1"]

1. d4 d6 2. Nf3 Nf6 3. g3 g6 4. Bg2 Bg7 5. 0-0 0-0 6. a4 Nbd7 7. a5 a6 8. Nc3 c5 9. dxc5 Nxc5 10. Be3 Qc7 11. Na4 Nxa4 12. Rxa4 Bd7 13. Bb6 Qc8 14. Ra3 Bc6 15. c3 Re8 16. Nd4 Bxg2 17. Kxg2 e5 18. Nc2 Qc6+ 19. Kg1 d5 20. Rb3 Qe6 21. Be3 d4 22. Rb6 Qh3 23. Rxf6 Bxf6 24. cxd4 exd4 25. Bxd4 Rad8 26. e3 Rd5 27. Qf3 Rh5 28. Qh1 Bd8 29. b4 Be7 30. f4 Bf8 31. Rf2 Qd7 32. Qf3 Rd5 33. g4 Bg7 34. f5 Bxd4 35. Nxd4 Rde5 36. Nc2 Re4 37. h3 Qe7 38. Rd2 Rc4 39. fxg6 hxg6 40. Rf2 Qc7 41. Nd4 Rxb4 42. h4 Rb1+ 43. Kg2 Re1 44. Nc2 Rc1 45. Nd4 Rc3 46. Re2 Qe7 47. Nc2 Qxh4 48. Rf2 Qe7 49. Kg1 Qc7 0-1

[Event "Denizli op"]
[Site "Denizli"]
[Date "2025.07.07"]
[Round "1"]
[White "Yildiz, Egehan"]
[Black "Sodbilegt, Naranbold"]
[Result "1-0"]
[WhiteElo "2198"]
[BlackElo "2363"]
[PlyCount "97"]
[EventDate "2025.07.07"]
[EventType "swiss"]
[EventRounds "9"]
[EventCountry "TUR"]
[SourceTitle "CB29_2025"]
[SourceDate "2025.07.16"]
[SourceVersion "1"]
[SourceVersionDate "2025.07.16"]
[SourceQuality "1"]

1. d4 Nf6 2. c4 e6 3. Nf3 Bb4+ 4. Nbd2 d5 5. e3 0-0 6. a3 Be7 7. b3 b6 8. Bb2 Bb7 9. Qc2 Nbd7 10. Bd3 c5 11. cxd5 exd5 12. Ne5 h6 13. 0-0 Rc8 14. Nxd7 Nxd7 15. dxc5 Bf6 16. Bh7+ Kh8 17. Bf5 Rxc5 18. Qb1 Bxb2 19. Qxb2 d4 20. Be4 dxe3 21. Bxb7 Qc7 22. Ne4 Re5 23. f4 Qxb7 24. Nd6 Qd5 25. fxe5 Nxe5 26. Rad1 Qe6 27. Rfe1 Ng4 28. Qd4 Qg6 29. Rc1 f5 30. Qf4 Rf6 31. h3 Nf2 32. Rxe3 Nxh3+ 33. Rxh3 Rxd6 34. Rf3 Rd5 35. Rff1 Qf6 36. Rfd1 Re5 37. Re1 Rd5 38. Rcd1 Rc5 39. b4 Rc3 40. Qe5 Qxe5 41. Rxe5 Rxa3 42. Rxf5 Ra4 43. b5 a6 44. Rd7 axb5 45. Rxb5 Kh7 46. Rxb6 Rg4 47. Kh2 Rg5 48. Rb3 Rh5+ 49. Rh3 1-0

[Event "Cesme op-A 11th"]
[Site "Izmir"]
[Date "2025.06.27"]
[Round "7"]
[White "Yildiz, Egehan"]
[Black "Sahin, Burak Doga"]
[Result "1-0"]
[WhiteElo "2198"]
[BlackElo "2006"]
[PlyCount "93"]
[EventDate "2025.06.23"]
[EventType "swiss"]
[EventRounds "9"]
[EventCountry "TUR"]
[SourceTitle "CB27_2025"]
[SourceDate "2025.07.02"]
[SourceVersion "1"]
[SourceVersionDate "2025.07.02"]
[SourceQuality "1"]

1. d4 Nf6 2. Nf3 g6 3. g3 Bg7 4. Bg2 0-0 5. 0-0 d6 6. c4 Nc6 7. d5 Na5 8. Na3 c5 9. Re1 e5 10. e4 a6 11. Bd2 b6 12. Bf1 Ne8 13. Nc2 f5 14. exf5 gxf5 15. Nh4 Bf6 16. Ng2 Ra7 17. Rb1 f4 18. b4 cxb4 19. Nxb4 Rg7 20. Be2 Bf5 21. Rc1 Qc8 22. Kh1 Bg5 23. Rg1 Nf6 24. gxf4 Ne4 25. Be3 exf4 26. Bd4 Rg6 27. Bh5 f3 28. Ne1 Bxc1 29. Bxg6 Bxg6 30. Qxc1 Qxc4 31. Qxc4 Nxc4 32. Nxa6 Ned2 33. Nc7 Rf5 34. Nd3 Kf7 35. Nb4 Rh5 36. Ne6 Ne4 37. Rg4 Ne5 38. Rf4+ Rf5 39. Rxe4 Nc4 40. Nd8+ Kf8 41. Ne6+ Kf7 42. Rf4 Nd2 43. Be3 Nf1 44. Kg1 Nxe3 45. fxe3 Ke7 46. Rxf5 Bxf5 47. Nd4 1-0

[Event "Cesme op-A 11th"]
[Site "Izmir"]
[Date "2025.06.25"]
[Round "4"]
[White "Eroz, Enis"]
[Black "Yildiz, Egehan"]
[Result "1-0"]
[WhiteElo "2027"]
[BlackElo "2198"]
[PlyCount "189"]
[EventDate "2025.06.23"]
[EventType "swiss"]
[EventRounds "9"]
[EventCountry "TUR"]
[SourceTitle "CB27_2025"]
[SourceDate "2025.07.02"]
[SourceVersion "1"]
[SourceVersionDate "2025.07.02"]
[SourceQuality "1"]

1. e4 c6 2. d4 d5 3. exd5 cxd5 4. Bd3 Nc6 5. c3 Nf6 6. h3 g6 7. Qc2 Bg7 8. Nf3 0-0 9. 0-0 Be6 10. Re1 Rc8 11. a3 Qd7 12. Be3 Bf5 13. Nbd2 Bxd3 14. Qxd3 a6 15. Bf4 Qf5 16. Qxf5 gxf5 17. Ne5 e6 18. Nd3 b6 19. a4 Ra8 20. Kf1 Rfc8 21. Ke2 Na5 22. g4 fxg4 23. hxg4 Nc4 24. f3 Nd7 25. Kf2 Nxb2 26. Nxb2 Rxc3 27. Be3 Rac8 28. Rad1 b5 29. axb5 axb5 30. Re2 e5 31. Nb1 Rb3 32. dxe5 Nxe5 33. Rxd5 Nxg4+ 34. fxg4 Bxb2 35. Rg5+ Kh8 36. Nd2 Rd3 37. Nf3 Bg7 38. Rxb5 h6 39. Rh5 Rc6 40. g5 Rd5 41. Rh3 Kh7 42. Kg3 Rg6 43. Kf2 Re6 44. gxh6 Bf6 45. Rd2 Rxd2+ 46. Nxd2 Re5 47. Kf3 Bg5 48. Nc4 Rb5 49. Ke4 Bxe3 50. Nxe3 Rb4+ 51. Ke5 Rb5+ 52. Nd5 Ra5 53. Rh1 Rc5 54. Kd6 Ra5 55. Nf6+ Kh8 56. Nd7 Kh7 57. Nf8+ Kh8 58. h7 Ra6+ 59. Ke7 Ra7+ 60. Kd6 Ra6+ 61. Kc7 Ra8 62. Nd7 Kg7 63. Kd6 Kh8 64. Ne5 Ra6+ 65. Kd5 Rf6 66. Ke4 Re6 67. Kf5 Rf6+ 68. Kg5 Rf2 69. Ng4 Rf3 70. Rh2 Rf1 71. Rh3 Rg1 72. Kf5 Rf1+ 73. Ke5 Rg1 74. Rh4 Rf1 75. Kd6 Rf4 76. Ke5 Rf1 77. Ne3 Rf6 78. Nd5 Re6+ 79. Kf5 Rd6 80. Nf4 Rf6+ 81. Kg5 Ra6 82. Rh6 Ra5+ 83. Kg4 Ra4 84. Rh1 Ra5 85. Nd3 Rb5 86. Kf4 Rb6 87. Ne5 Rf6+ 88. Ke4 Re6 89. Kd5 Rf6 90. Nd7 Re6 91. Rg1 Re8 92. Nf6 Rd8+ 93. Ke5 Re8+ 94. Nxe8 f6+ 95. Kxf6 1-0

[Event "Cesme op-A 11th"]
[Site "Izmir"]
[Date "2025.06.24"]
[Round "2"]
[White "Hatirli, Ugur Can"]
[Black "Yildiz, Egehan"]
[Result "1-0"]
[WhiteElo "2023"]
[BlackElo "2198"]
[PlyCount "89"]
[EventDate "2025.06.23"]
[EventType "swiss"]
[EventRounds "9"]
[EventCountry "TUR"]
[SourceTitle "CB27_2025"]
[SourceDate "2025.07.02"]
[SourceVersion "1"]
[SourceVersionDate "2025.07.02"]
[SourceQuality "1"]

1. d4 Nf6 2. c4 e6 3. Nc3 d5 4. Nf3 c6 5. Bg5 h6 6. Bxf6 Qxf6 7. e3 Nd7 8. Rc1 g6 9. Bd3 dxc4 10. Bxc4 Bg7 11. 0-0 0-0 12. Qe2 Re8 13. Rfd1 Kh7 14. h4 a5 15. Qc2 Kg8 16. a4 Nb6 17. Bb3 Nd5 18. Ne4 Qe7 19. Rd2 Bf8 20. Qd1 Nf6 21. Ng3 h5 22. Qc2 Bg7 23. Qd3 Rd8 24. Ng5 Bd7 25. e4 Nh7 26. f4 Nxg5 27. hxg5 e5 28. f5 Qxg5 29. Rf1 h4 30. Ne2 Be8 31. fxg6 Qxg6 32. Qf3 Rd6 33. Qf5 exd4 34. e5 Qxf5 35. Rxf5 Rg6 36. Rxd4 h3 37. Nf4 Rg4 38. Bd1 Rh4 39. gxh3 c5 40. Rd2 Bc6 41. Bb3 Bh6 42. Rxf7 Bxa4 43. Rg2+ Kh8 44. Ng6+ Kg8 45. Nxh4+ 1-0

[Event "Titled Tuesday intern op 01st Apr Early"]
[Site "Chess.com INT"]
[Date "2025.04.01"]
[Round "1"]
[White "Pakleza, Zbigniew"]
[Black "Yildiz, Egehan"]
[Result "1-0"]
[WhiteElo "2485"]
[BlackElo "2204"]
[PlyCount "121"]
[EventDate "2025.04.01"]
[EventType "swiss (blitz)"]
[EventRounds "11"]
[EventCountry "USA"]
[SourceTitle "CB15_2025"]
[SourceDate "2025.04.09"]
[SourceVersion "1"]
[SourceVersionDate "2025.04.09"]
[SourceQuality "1"]

1. d4 d5 2. Nf3 e6 3. Bf4 c5 4. e3 Qb6 5. Qc1 Bd7 6. Nbd2 Nf6 7. c3 Nh5 8. Be5 Nc6 9. Qc2 Rc8 10. Qb3 Nxe5 11. Nxe5 Nf6 12. f4 Bd6 13. Be2 0-0 14. 0-0 Be8 15. g3 Nd7 16. Nef3 f6 17. e4 Qxb3 18. axb3 a6 19. exd5 exd5 20. Rfe1 Bh5 21. Kg2 Rfe8 22. dxc5 Nxc5 23. b4 Ne4 24. Rad1 Bb8 25. Nb3 Bf7 26. Nfd4 Ba7 27. Bf3 g6 28. f5 Kg7 29. h4 Bb8 30. fxg6 hxg6 31. Ne2 f5 32. Nf4 Rcd8 33. Nd4 Be5 34. Nfe2 Rh8 35. Rh1 Rh7 36. Nf4 Rdh8 37. Nde2 Rd8 38. Rd3 Rhh8 39. Rhd1 g5 40. hxg5 Nxg5 41. Bxd5 Be8 42. Bxb7 Rb8 43. Bf3 Ne4 44. Rd5 Bf6 45. Ne6+ Kf7 46. N6d4 Ng5 47. Rxf5 Nxf3 48. Rxf3 Kg7 49. Nf4 Bxd4 50. Rxd4 Bc6 51. Nd5 Rbd8 52. c4 Rhe8 53. Kf2 Rb8 54. Re3 Rf8+ 55. Ke2 Rh8 56. Kd3 Rh2 57. Kc3 Rf8 58. Rf4 Rd8 59. Re7+ Kh8 60. Nf6 Rh3 61. Rg4 1-0

[Event "World Schools U17"]
[Site "Vrnjacka Banja"]
[Date "2025.03.26"]
[Round "7"]
[White "Yildiz, Egehan"]
[Black "Andjelkovic, Aleksandar M"]
[Result "1/2-1/2"]
[WhiteElo "2204"]
[BlackElo "1930"]
[PlyCount "132"]
[EventDate "2025.03.20"]
[EventType "swiss"]
[EventRounds "9"]
[EventCountry "SRB"]
[SourceTitle "CB14_2025"]
[SourceDate "2024.11.01"]
[SourceVersion "1"]
[SourceVersionDate "2024.11.01"]
[SourceQuality "1"]

1. d4 d5 2. c4 e6 3. Nf3 c5 4. cxd5 exd5 5. Nc3 Nc6 6. dxc5 d4 7. Na4 Bxc5 8. Nxc5 Qa5+ 9. Qd2 Qxc5 10. a3 Nf6 11. b4 Qb6 12. Bb2 Bg4 13. Bxd4 Nxd4 14. Qxd4 Bxf3 15. Qe5+ Kf8 16. gxf3 a5 17. b5 h5 18. Rc1 h4 19. Qc5+ Qxc5 20. Rc2 Qc4 21. Rxc4 Rc8 22. Rc5 Rd8 23. e3 Rh5 24. Rxh5 Nxh5 25. Rg1 Rd5 26. Rg4 g5 27. Rc4 Ke7 28. Re4+ Kd6 29. Bc4 Rf5 30. Ke2 Nf6 31. Rd4+ Ke7 32. a4 Nd7 33. Bd3 Rc5 34. f4 f6 35. fxg5 fxg5 36. f4 g4 37. Kf2 Nf6 38. e4 Rc3 39. e5 Nd7 40. Bf5 Nxe5 41. fxe5 Rf3+ 42. Kg1 Rxf5 43. Rxg4 h3 44. Rg3 Rf4 45. Rxh3 Rxa4 46. Rh7+ Ke6 47. Rxb7 Rb4 48. b6 a4 49. Kg2 a3 50. Ra7 Rxb6 51. Rxa3 Kxe5 52. Rf3 Rg6+ 53. Kh3 Rh6+ 54. Kg2 Rg6+ 55. Kh1 Rf6 56. Ra3 Rg6 57. h3 Kf4 58. Kh2 Re6 59. Ra2 Re3 60. Rf2+ Kg5 61. Rf8 Rd3 62. Rg8+ Kh4 63. Rh8+ Kg5 64. h4+ Kg4 65. h5 Rh3+ 66. Kg2 Rxh5 1/2-1/2

[Event "World Schools U17"]
[Site "Vrnjacka Banja"]
[Date "2025.03.20"]
[Round "1"]
[White "Senevirathne, DCBK"]
[Black "Yildiz, Egehan"]
[Result "0-1"]
[WhiteElo "1840"]
[BlackElo "2204"]
[PlyCount "134"]
[EventDate "2025.03.20"]
[EventType "swiss"]
[EventRounds "9"]
[EventCountry "SRB"]
[SourceTitle "CB14_2025"]
[SourceDate "2024.11.01"]
[SourceVersion "1"]
[SourceVersionDate "2024.11.01"]
[SourceQuality "1"]

1. e4 c6 2. d4 d5 3. Nd2 dxe4 4. Nxe4 Nf6 5. Nxf6+ exf6 6. c3 Bd6 7. Bd3 0-0 8. Ne2 Re8 9. 0-0 Nd7 10. Ng3 g6 11. Ne4 Bf8 12. Bf4 Nb6 13. Re1 Nd5 14. Qd2 Nxf4 15. Qxf4 Kg7 16. Re3 f5 17. Ng5 Rxe3 18. Qxe3 Be7 19. f4 h6 20. Nf3 Be6 21. Ne5 Qb6 22. b3 c5 23. Nd7 Bxd7 24. Qxe7 cxd4 25. Qe5+ Kg8 26. Qxd4 Qxd4+ 27. cxd4 Bc6 28. Rd1 Rd8 29. Bc4 Be4 30. Kf2 Kg7 31. g3 Kf6 32. d5 Rd6 33. Ke3 Ke7 34. Kd4 Rd8 35. a4 Kd6 36. Rd2 Rg8 37. h3 g5 38. Ke3 Re8 39. Kf2 gxf4 40. gxf4 Rg8 41. Bf1 Bxd5 42. Ke3 Rg3+ 43. Kf2 Rf3+ 44. Ke2 Rg3 45. Kf2 Rg6 46. b4 Ke6 47. Rd4 Rg8 48. Bd3 Rd8 49. Bc4 Rd6 50. Bd3 Rd7 51. Ke3 Kf6 52. Kd2 Rd6 53. Kc3 Rc6+ 54. Kd2 Be6 55. Rd8 Ke7 56. Rb8 Bc8 57. b5 Rc7 58. a5 Kd6 59. Ra8 b6 60. axb6 axb6 61. Ra1 Bd7 62. Ra6 Kc5 63. Ra1 Rc8 64. Rb1 Rg8 65. Rc1+ Kd6 66. Rf1 Rg3 67. h4 Rxd3+ 0-1

[Event "Titled Tuesday intern op 25th Feb Early"]
[Site "Chess.com INT"]
[Date "2025.02.25"]
[Round "3"]
[White "Mogollon Tobar, Nicolle Juliet"]
[Black "Yildiz, Egehan"]
[Result "0-1"]
[WhiteElo "2063"]
[BlackElo "2204"]
[PlyCount "110"]
[EventDate "2025.02.25"]
[EventType "swiss (blitz)"]
[EventRounds "11"]
[EventCountry "USA"]
[SourceTitle "CB10_2025"]
[SourceDate "2025.03.05"]
[SourceVersion "1"]
[SourceVersionDate "2025.03.05"]
[SourceQuality "1"]

1. e4 c6 2. Nc3 d5 3. Nf3 dxe4 4. Nxe4 Nf6 5. Nxf6+ exf6 6. d4 Bd6 7. Bd3 0-0 8. 0-0 Bg4 9. h3 Bh5 10. Be2 Re8 11. Be3 Nd7 12. Qd2 Qc7 13. c4 Rad8 14. Rad1 Nf8 15. c5 Bxc5 16. Qc2 Bd6 17. Rc1 Bf4 18. Bxf4 Qxf4 19. Rfe1 Ne6 20. Qc4 Bxf3 21. Bxf3 Nxd4 22. Qc3 Nxf3+ 23. Qxf3 Qxf3 24. gxf3 Kf8 25. Kf1 Rd2 26. Rb1 g5 27. Red1 Red8 28. Rxd2 Rxd2 29. Ke1 Rd4 30. Ke2 Rh4 31. Rh1 Ke7 32. Ke3 h5 33. b3 a5 34. a3 Ke6 35. Kd3 Kd5 36. Ke3 c5 37. Rd1+ Rd4 38. Rc1 f5 39. Rg1 f4+ 40. Ke2 f6 41. Rc1 a4 42. bxa4 Rxa4 43. Rc3 b5 44. Rd3+ Ke5 45. Rd8 Rxa3 46. Re8+ Kf5 47. Rf8 c4 48. Rb8 Rb3 49. Rc8 c3 50. Rc5+ Kg6 51. Kd3 b4 52. Rc4 Rb2 53. Rc5 Rd2+ 54. Ke4 c2 55. Rc4 b3 0-1

[Event "Titled Tuesday intern op 11th Feb Early"]
[Site "Chess.com INT"]
[Date "2025.02.11"]
[Round "2"]
[White "Aradhya, Garg"]
[Black "Yildiz, Egehan"]
[Result "1-0"]
[WhiteElo "2348"]
[BlackElo "2204"]
[PlyCount "119"]
[EventDate "2025.02.11"]
[EventType "swiss (blitz)"]
[EventRounds "11"]
[EventCountry "USA"]
[SourceTitle "CB08_2025"]
[SourceDate "2025.02.19"]
[SourceVersion "1"]
[SourceVersionDate "2025.02.19"]
[SourceQuality "1"]

1. d4 Nf6 2. c4 e6 3. Nf3 d5 4. Nc3 c5 5. cxd5 Nxd5 6. e3 Nc6 7. Bd3 Be7 8. 0-0 0-0 9. Re1 b6 10. Bc2 Bb7 11. Nxd5 Qxd5 12. e4 Qh5 13. d5 Nb4 14. dxe6 Nxc2 15. Qxc2 fxe6 16. Qe2 Rad8 17. b3 Bf6 18. Bb2 Bxb2 19. Qxb2 Qg6 20. Ne5 Qf6 21. f3 Rd6 22. Rad1 Rfd8 23. Rxd6 Rxd6 24. Qc3 Ba6 25. Qa1 Rd2 26. Ng4 Qd8 27. Qe5 Rd6 28. h4 Bc8 29. h5 h6 30. Re2 Rd1+ 31. Kf2 Qd4+ 32. Qxd4 cxd4 33. Rc2 Ba6 34. Rc7 d3 35. Rxa7 d2 36. Ke3 Bf1 37. Rd7 Bxg2 38. Ne5 Rf1 39. Rxd2 Ra1 40. Rxg2 Rd1 41. Kf4 Rc1 42. Ng4 Kf7 43. Ne5+ Kg8 44. Rg6 Ra1 45. Rxe6 Kf8 46. Rxb6 Rxa2 47. Rb8+ Ke7 48. Rb7+ Kf6 49. Rf7+ Ke6 50. Rxg7 Rh2 51. Rg6+ Ke7 52. Rxh6 Rh4+ 53. Kg5 Rh1 54. f4 Rg1+ 55. Kf5 Rh1 56. Rh7+ Kf8 57. Kf6 Kg8 58. Rh6 Rg1 59. Ng6 Rg5 60. Rh8# 1-0

[Event "Titled Tuesday intern op 04th Feb Early"]
[Site "Chess.com INT"]
[Date "2025.02.04"]
[Round "3"]
[White "Yildiz, Egehan"]
[Black "Kosakowski, Jakub"]
[Result "0-1"]
[WhiteElo "2204"]
[BlackElo "2511"]
[PlyCount "74"]
[EventDate "2025.02.04"]
[EventType "swiss (blitz)"]
[EventRounds "11"]
[EventCountry "USA"]
[SourceTitle "CB07_2025"]
[SourceDate "2025.02.12"]
[SourceVersion "1"]
[SourceVersionDate "2025.02.12"]
[SourceQuality "1"]

1. d4 Nf6 2. c4 e6 3. Nf3 Bb4+ 4. Nbd2 0-0 5. a3 Bxd2+ 6. Bxd2 b6 7. g3 Bb7 8. Bg2 d6 9. 0-0 Nbd7 10. Qc2 Be4 11. Qb3 Qc8 12. Ne1 Bxg2 13. Nxg2 Qb7 14. f3 c5 15. Bc3 Rac8 16. e4 cxd4 17. Bxd4 Rc6 18. Ne3 Rfc8 19. Qd3 a6 20. Rfd1 b5 21. cxb5 axb5 22. Bc3 Nc5 23. Qe2 Nfd7 24. Rac1 Na4 25. Qd2 Nxc3 26. Rxc3 Rxc3 27. bxc3 Rc6 28. Nc2 Ne5 29. Kg2 h6 30. Nb4 Rb6 31. Qd4 Qb8 32. f4 Nc4 33. a4 e5 34. fxe5 dxe5 35. Qd8+ Kh7 36. Qxb8 Rxb8 37. axb5 Ne3+ 0-1

[Event "Titled Tuesday intern op 14th Jan Early"]
[Site "Chess.com INT"]
[Date "2025.01.14"]
[Round "2"]
[White "Yildiz, Egehan"]
[Black "Fabris, Alberto"]
[Result "1-0"]
[WhiteElo "2243"]
[BlackElo "2230"]
[PlyCount "51"]
[EventDate "2025.01.14"]
[EventType "swiss (blitz)"]
[EventRounds "11"]
[EventCountry "USA"]
[SourceTitle "CB04_2025"]
[SourceDate "2025.01.22"]
[SourceVersion "1"]
[SourceVersionDate "2025.01.22"]
[SourceQuality "1"]

1. d4 Nf6 2. c4 e6 3. Nf3 Bb4+ 4. Nbd2 0-0 5. g3 b6 6. Bg2 Bb7 7. 0-0 d5 8. Ne5 Nbd7 9. cxd5 exd5 10. a3 Bd6 11. Ndc4 Re8 12. Nxd6 cxd6 13. Nxd7 Qxd7 14. Bf4 Rac8 15. Re1 Ne4 16. Rc1 Qb5 17. Rc2 Rxc2 18. Qxc2 Rc8 19. Qb1 Qc4 20. Qd3 Qa2 21. Bh3 Rc6 22. f3 Nf6 23. Qe3 Qxb2 24. Qe7 Qxd4+ 25. e3 Qa4 26. Qd8+ 1-0

[Event "Titled Tuesday intern op 14th Jan Early"]
[Site "Chess.com INT"]
[Date "2025.01.14"]
[Round "3"]
[White "Yildiz, Egehan"]
[Black "Shuvalov, Evgenij"]
[Result "0-1"]
[WhiteElo "2243"]
[BlackElo "1996"]
[PlyCount "100"]
[EventDate "2025.01.14"]
[EventType "swiss (blitz)"]
[EventRounds "11"]
[EventCountry "USA"]
[SourceTitle "CB04_2025"]
[SourceDate "2025.01.22"]
[SourceVersion "1"]
[SourceVersionDate "2025.01.22"]
[SourceQuality "1"]

1. d4 Nf6 2. c4 g6 3. Nc3 d5 4. Nf3 Bg7 5. Bf4 0-0 6. Rc1 c5 7. dxc5 Ne4 8. cxd5 Nxc3 9. bxc3 Qa5 10. e4 Nd7 11. Be2 Nxc5 12. Qc2 e6 13. d6 e5 14. Bxe5 Bxe5 15. Nxe5 Re8 16. Nc4 Qd8 17. f3 b5 18. Ne3 Qxd6 19. Bxb5 Ba6 20. Bxa6 Qxa6 21. c4 Qa3 22. Ke2 Rab8 23. Rb1 f5 24. Rxb8 Rxb8 25. Rb1 Re8 26. Nd5 Kf7 27. Qd2 Re6 28. Kf1 fxe4 29. Qf4+ Kg7 30. Rb8 Qd3+ 31. Kf2 e3+ 32. Kg3 Qf5 33. Qxf5 gxf5 34. Rb1 e2 35. Re1 Nd3 36. Nf4 Nxe1 37. Nxe6+ Kf6 38. Kf2 Nxg2 39. Kxe2 Kxe6 40. Kf2 Nf4 41. Ke3 Ng6 42. Kd4 Kd6 43. c5+ Kc6 44. a4 a5 45. h3 h5 46. Kc4 Ne5+ 47. Kd4 Nxf3+ 48. Ke3 Ng5 49. h4 Ne6 50. Kf3 Kxc5 0-1

[Event "Plovdiv Tringov Memorial 46th"]
[Site "Plovdiv"]
[Date "2024.08.18"]
[Round "9"]
[White "Rasheva, Nora"]
[Black "Yildiz, Egehan"]
[Result "0-1"]
[WhiteElo "1942"]
[BlackElo "2127"]
[PlyCount "104"]
[EventDate "2024.08.11"]
[EventType "swiss"]
[EventRounds "9"]
[EventCountry "BUL"]
[SourceTitle "CBM 221 Extra"]
[Source "ChessBase"]
[SourceDate "2024.09.30"]
[SourceVersion "1"]
[SourceVersionDate "2024.09.30"]
[SourceQuality "1"]

1. d4 d5 2. Nf3 Nf6 3. c4 e6 4. Nc3 Be7 5. Bg5 0-0 6. e3 h6 7. Bf4 a6 8. Rc1 dxc4 9. Bxc4 b5 10. Be2 Bb7 11. Ne5 Nbd7 12. Bf3 Bxf3 13. Qxf3 Nxe5 14. Bxe5 Nd7 15. 0-0 Nxe5 16. dxe5 c5 17. Rfd1 Qc7 18. Qg3 Qc6 19. f3 Rfd8 20. Ne4 Rxd1+ 21. Rxd1 Rd8 22. Rxd8+ Bxd8 23. Nf6+ Kh8 24. Nh5 g6 25. Nf6 c4 26. Qf4 Kg7 27. Ne4 Be7 28. Nd6 Bxd6 29. exd6 Qd5 30. Qd4+ Qxd4 31. exd4 Kf8 32. Kf2 Ke8 33. Ke3 Kd7 34. f4 Kxd6 35. Ke4 a5 36. a3 b4 37. axb4 axb4 38. g3 Kc6 39. Ke3 Kd5 40. g4 f6 41. h4 h5 42. gxh5 gxh5 43. f5 exf5 44. Kf4 Kxd4 45. Kxf5 c3 46. bxc3+ bxc3 47. Kxf6 c2 48. Kg5 c1Q+ 49. Kxh5 Ke5 50. Kg6 Qg1+ 51. Kh6 Kf6 52. h5 Qg7# 0-1

[Event "Plovdiv Vanev Memorial 4th"]
[Site "Plovdiv"]
[Date "2024.08.17"]
[Round "6"]
[White "Yildiz, Egehan"]
[Black "Markidis, Konstantinos"]
[Result "0-1"]
[WhiteElo "2127"]
[BlackElo "2246"]
[PlyCount "88"]
[EventDate "2024.08.17"]
[EventType "swiss (rapid)"]
[EventRounds "9"]
[EventCountry "BUL"]
[SourceTitle "CBM 221 Extra"]
[Source "ChessBase"]
[SourceDate "2024.09.30"]
[SourceVersion "1"]
[SourceVersionDate "2024.09.30"]
[SourceQuality "1"]

1. d4 Nf6 2. c4 e6 3. Nf3 d5 4. Nc3 c6 5. Bg5 Be7 6. e3 Nbd7 7. Bd3 h6 8. Bh4 dxc4 9. Bxc4 b5 10. Bd3 Bb7 11. 0-0 0-0 12. Rc1 Rc8 13. Bxf6 Bxf6 14. Ne4 Be7 15. Nc5 Nxc5 16. dxc5 Qa5 17. Bb1 Bf6 18. Qc2 g6 19. h4 h5 20. Ng5 Bxg5 21. hxg5 Rcd8 22. Rfd1 Rd5 23. Rxd5 exd5 24. e4 Rd8 25. Rd1 dxe4 26. Rxd8+ Qxd8 27. Qxe4 Qxg5 28. Qe8+ Kg7 29. Qd7 Qxc5 30. Bd3 Qd5 31. Qxd5 cxd5 32. Bxb5 d4 33. f3 Bd5 34. a3 Kf6 35. Kf2 Ke5 36. b4 h4 37. Bd3 Bb3 38. Bb5 Kf4 39. a4 Bc2 40. a5 d3 41. Bc4 Bb3 42. Bxd3 f5 43. b5 g5 44. b6 g4 0-1

[Event "Plovdiv Tringov Memorial 46th"]
[Site "Plovdiv"]
[Date "2024.08.13"]
[Round "3"]
[White "Yildiz, Egehan"]
[Black "Kozhuharov, Spas"]
[Result "1/2-1/2"]
[WhiteElo "2127"]
[BlackElo "2351"]
[PlyCount "46"]
[EventDate "2024.08.11"]
[EventType "swiss"]
[EventRounds "9"]
[EventCountry "BUL"]
[SourceTitle "CBM 221 Extra"]
[Source "ChessBase"]
[SourceDate "2024.09.30"]
[SourceVersion "1"]
[SourceVersionDate "2024.09.30"]
[SourceQuality "1"]

1. d4 Nf6 2. c4 g6 3. Nc3 d5 4. Nf3 Bg7 5. Bf4 0-0 6. Rc1 dxc4 7. e3 c5 8. dxc5 Qxd1+ 9. Rxd1 Nbd7 10. Bxc4 Nxc5 11. 0-0 Be6 12. Bxe6 Nxe6 13. Be5 Rfd8 14. h3 Nc5 15. Bd4 Ne6 16. Be5 Rac8 17. Rxd8+ Rxd8 18. Rc1 Nd5 19. Bxg7 Kxg7 20. Nb5 Nb4 21. a3 Nc6 22. Kf1 f6 23. Ke2 Kf7 1/2-1/2

[Event "EU-ch Schools U15"]
[Site "Limerick"]
[Date "2024.06.03"]
[Round "5"]
[White "Yildiz, Egehan"]
[Black "Panda, Barnabas"]
[Result "1-0"]
[WhiteElo "1984"]
[BlackElo "2089"]
[PlyCount "85"]
[EventDate "2024.05.31"]
[EventType "swiss"]
[EventRounds "9"]
[EventCountry "IRL"]
[SourceTitle "CBM 220 Extra"]
[Source "ChessBase"]
[SourceDate "2024.07.31"]
[SourceVersion "1"]
[SourceVersionDate "2024.07.31"]
[SourceQuality "1"]

1. d4 Nf6 2. c4 e6 3. Nf3 Bb4+ 4. Nbd2 b6 5. a3 Bxd2+ 6. Nxd2 Bb7 7. e3 c5 8. dxc5 bxc5 9. b3 0-0 10. Bb2 d5 11. cxd5 exd5 12. Be2 Nbd7 13. 0-0 Qe7 14. Nf3 Ne4 15. Rc1 Qd6 16. Qc2 Rfe8 17. Rfd1 Re6 18. Bd3 Qe7 19. Ba1 Re8 20. b4 d4 21. exd4 Ng5 22. Ne5 cxd4 23. Nxd7 Qxd7 24. f3 Qd5 25. Qf2 Re3 26. Rc5 Qd8 27. Bxd4 Rxf3 28. Qb2 Rxd3 29. Rxd3 Ne6 30. Re5 Qc8 31. Qc3 Qa8 32. Rg3 Nxd4 33. Qxd4 g6 34. Rge3 Rc8 35. Qd7 Bc6 36. Qd2 Rd8 37. Rd3 Rxd3 38. Qxd3 Bxg2 39. Qd7 Bc6 40. Qd4 Bh1 41. Re2 Bd5 42. Rd2 Bf3 43. Qf6 1-0

[Event "EU-ch Schools U15"]
[Site "Limerick"]
[Date "2024.06.02"]
[Round "3"]
[White "Yildiz, Egehan"]
[Black "Demirtas, Alper"]
[Result "1/2-1/2"]
[WhiteElo "1984"]
[BlackElo "2060"]
[PlyCount "72"]
[EventDate "2024.05.31"]
[EventType "swiss"]
[EventRounds "9"]
[EventCountry "IRL"]
[SourceTitle "CBM 220 Extra"]
[Source "ChessBase"]
[SourceDate "2024.07.31"]
[SourceVersion "1"]
[SourceVersionDate "2024.07.31"]
[SourceQuality "1"]

1. d4 d5 2. c4 dxc4 3. Nf3 a6 4. e3 e6 5. Bxc4 c5 6. 0-0 b5 7. Be2 Nf6 8. b3 Bb7 9. a4 b4 10. Nbd2 Nbd7 11. Nc4 Be7 12. Bb2 0-0 13. Nfe5 cxd4 14. exd4 Nd5 15. Bf3 N7f6 16. a5 Rb8 17. Qd2 Qe8 18. Rfc1 Qb5 19. g3 Nc3 20. Bxb7 Rxb7 21. Bxc3 Ne4 22. Qe2 Nxc3 23. Qf3 Qd5 24. Qxd5 exd5 25. Nb6 Ne2+ 26. Kg2 Nxc1 27. Rxc1 Bd8 28. Ned7 Re8 29. Rc8 f6 30. Nc5 Ra7 31. Nxd5 Kf7 32. Nxb4 Be7 33. Rc6 Rd8 34. d5 Rd6 35. Nbxa6 Rxd5 36. b4 Rd4 1/2-1/2

[Event "TUR-chT U18"]
[Site "Karaman"]
[Date "2024.04.24"]
[Round "7"]
[White "Portakalci, Yusuf"]
[Black "Yildiz, Egehan"]
[Result "1/2-1/2"]
[WhiteElo "2038"]
[BlackElo "1912"]
[PlyCount "76"]
[EventDate "2024.04.21"]
[EventType "team-tourn"]
[EventRounds "9"]
[EventCountry "TUR"]
[SourceTitle "EXT 2025"]
[Source "ChessBase"]
[SourceDate "2024.10.14"]
[SourceVersion "1"]
[SourceVersionDate "2024.10.14"]
[SourceQuality "1"]

1. d4 d5 2. Nf3 e6 3. Bf4 Bd6 4. e3 Bxf4 5. exf4 Qd6 6. Qc1 b6 7. g3 Ne7 8. c3 0-0 9. Nbd2 c5 10. Nb3 Ba6 11. Bxa6 Nxa6 12. 0-0 Nf5 13. Re1 Rac8 14. Qd1 Nb8 15. Qe2 Nc6 16. Rad1 c4 17. Nbd2 b5 18. a3 a5 19. Nf1 b4 20. axb4 axb4 21. Ne5 bxc3 22. bxc3 Rb8 23. g4 Nh4 24. Qe3 Nxe5 25. fxe5 Qe7 26. Ng3 Rb3 27. Nh5 Qg5 28. h3 Qxe3 29. Rxe3 Ra8 30. Kh2 Ra2 31. Kg3 Ng6 32. Rc1 Rbb2 33. Rf3 h6 34. h4 Kf8 35. Nf4 Nxf4 36. Rxf4 Rc2 37. Rxc2 Rxc2 38. Rf3 Ke7 1/2-1/2